[Event "Girona op 5th"]
[Site "Girona"]
[Date "2014.07.23"]
[Round "9"]
[White "Mestre Ramon, Pol"]
[Black "Mas Recorda, Pere"]
[Result "0-1"]
[WhiteElo "1995"]
[BlackElo "2119"]
[PlyCount "100"]
[EventDate "2014.07.15"]
[EventType "swiss"]
[EventRounds "9"]
[EventCountry "ESP"]
[SourceTitle "EXT 2016"]
[Source "ChessBase"]
[SourceDate "2015.10.08"]
[SourceVersion "1"]
[SourceVersionDate "2015.10.08"]
[SourceQuality "1"]

1. e4 e6 2. b3 d5 3. Bb2 dxe4 4. Nc3 Nf6 5. Qe2 Be7 6. g4 Bd7 7. g5 Nd5 8. h4 h6 9. Nxd5 exd5 10. Bxg7 Rh7 11. Bxh6 Bf6 12. 0-0-0 Qe7 13. Kb1 Bh8 14. f3 Nc6 15. c3 0-0-0 16. Bg2 f5 17. fxe4 fxe4 18. Nh3 Ne5 19. Nf4 Bg4 20. Bh3 Bxh3 21. Rxh3 Qa3 22. d3 Rf7 23. Qe3 Ng4 24. Qg3 Nxh6 25. gxh6 Bxc3 26. Rh2 Be5 27. Qh3+ Kb8 28. Ne6 Re8 29. Rc2 exd3 30. Rg2 c6 31. Ng5 Rfe7 32. Qxd3 Bh8 33. Qd2 Qd6 34. Rf1 Qxh6 35. Qf4+ Be5 36. Qf2 Bc7 37. Qf3 Qxh4 38. Rg4 Qh2 39. Rg2 Qe5 40. Nf7 Qe4+ 41. Qxe4 Rxe4 42. Ng5 Re1+ 43. Rxe1 Rxe1+ 44. Kc2 a6 45. Kd3 Ka7 46. Nf3 Re7 47. Nd4 c5 48. Nf5 Rd7 49. Ne3 d4 50. Nc2 a5 0-1